书目信息 |
| 题名: |
安全管理必备制度与表格典范
|
|
| 作者: | 杨宗岳 , 杨文代 编著 | |
| 分册: | ||
| 出版信息: | 北京 企业管理出版社 2020.07 |
|
| 页数: | 250页 | |
| 开本: | 24cm | |
| 丛书名: | 成功企业管理制度与表格典范丛书 | |
| 单 册: | ||
| 中图分类: | X931 | |
| 科图分类: | ||
| 主题词: | 企业管理--qi ye guan li--安全管理 | |
| 电子资源: | ||
| ISBN: | 978-7-5164-2148-2 | |
| 000 | 01360nam 2200301 450 | |
| 001 | 202020140906 | |
| 005 | 20200926181358.0 | |
| 010 | @a978-7-5164-2148-2@dCNY68.00 | |
| 100 | @a20200919d2020 em y0chiy50 ea | |
| 101 | 0 | @achi |
| 102 | @aCN@b110000 | |
| 105 | @ak z 000yy | |
| 106 | @ar | |
| 200 | 1 | @a安全管理必备制度与表格典范@Aan quan guan li bi bei zhi du yu biao ge dian fan@f杨宗岳, 杨文代编著 |
| 210 | @a北京@c企业管理出版社@d2020.07 | |
| 215 | @a250页@d24cm | |
| 225 | 2 | @a成功企业管理制度与表格典范丛书@Acheng gong qi ye guan li zhi du yu biao ge dian fan cong shu@v6 |
| 312 | @a英文题名取自封面 | |
| 314 | @a杨宗岳, 德国德累斯顿工业大学人力资源与职业教育技术理学硕士。杨文代, 现任中国石油化工股份有限公司中原油田分公司天然气产销厂党委书记、副厂长。 | |
| 330 | @a本书由实行安全生产责任制、安全目标管理、安全教育管理、安全检查管理、职业健康安全管理、消防安全管理、安全事故的预防、事故应急演练、安全事故事后处理九个部分的制度、表格范本组成, 所有的范本都是对成功企业的制度的解读。 | |
| 410 | 0 | @12001 @a成功企业管理制度与表格典范丛书@v6 |
| 510 | 1 | @aSecurity management necessary system and table wood@zeng |
| 606 | 0 | @a企业管理@Aqi ye guan li@x安全管理 |
| 690 | @aX931@v5 | |
| 701 | 0 | @a杨宗岳@Ayang zong yue@4编著 |
| 701 | 0 | @a杨文代@Ayang wen dai@4编著 |
| 801 | 0 | @aCN@c20200803 |
| 905 | @a河南城建学院图书馆@dX931@eY338 | |
| 安全管理必备制度与表格典范/杨宗岳, 杨文代编著.-北京:企业管理出版社,2020.07 |
| 250页;24cm.-(成功企业管理制度与表格典范丛书;6) |
| ISBN 978-7-5164-2148-2:CNY68.00 |
| 本书由实行安全生产责任制、安全目标管理、安全教育管理、安全检查管理、职业健康安全管理、消防安全管理、安全事故的预防、事故应急演练、安全事故事后处理九个部分的制度、表格范本组成, 所有的范本都是对成功企业的制度的解读。 |
| ● |
| 相关链接 |
|
|
|
正题名:安全管理必备制度与表格典范
索取号:X931/Y338
 
预约/预借
| 序号 | 登录号 | 条形码 | 馆藏地/架位号 | 状态 | 备注 |
| 1 | 1491073 | 214910738 | 自科库501/501自科库 122排1列4层/ [索取号:X931/Y338] | 在馆 |